ARRUPE JESUIT UNIVERSITY

CORONAVIRUS -STOP THE SPREAD - CLEAN,DISINFECT,COVER

Philosophy and the nature of language (Record no. 126563)

MARC details
000 -LEADER
fixed length control field 00469nam a2200205Ia 4500
003 - CONTROL NUMBER IDENTIFIER
control field 0100
008 - FIXED-LENGTH DATA ELEMENTS--GENERAL INFORMATION
fixed length control field 130227s9999 xx 000 0 und d
040 ## - CATALOGING SOURCE
Transcribing agency ARRUPELIB
050 ## - LIBRARY OF CONGRESS CALL NUMBER
Classification number B808.5.C37
100 ## - MAIN ENTRY--PERSONAL NAME
Personal name Cooper, David E.
9 (RLIN) 14834
245 ## - TITLE STATEMENT
Title Philosophy and the nature of language
260 ## - PUBLICATION, DISTRIBUTION, ETC. (IMPRINT)
Place of publication, distribution, etc Longon
260 ## - PUBLICATION, DISTRIBUTION, ETC. (IMPRINT)
Name of publisher, distributor, etc Longman
300 ## - PHYSICAL DESCRIPTION
Extent 222p.
300 ## - PHYSICAL DESCRIPTION
Other physical details 23 cm
440 ## - SERIES STATEMENT/ADDED ENTRY--TITLE
Title Longman Linguisitcs library
9 (RLIN) 33583
650 ## - SUBJECT ADDED ENTRY--TOPICAL TERM
Topical term following geographic name as entry element Prayer
9 (RLIN) 33584
942 ## - ADDED ENTRY ELEMENTS (KOHA)
Source of classification or shelving scheme Library of Congress Classification
Koha issues (borrowed), all copies 1
Item type Monograph ( Printed materials)

No items available.

 

Arrupe Library. PO Box MP320 Mt Pleasant, Harare, Zimbabwe
263 242 745411|librarian@aju.ac.zw